| Tag |
First Indicator |
Second Indicator |
Subfields |
| LEADER |
00000pam a2200000 a 4500 |
| 001 |
in00000386921 |
| 005 |
20151011120923.0 |
| 008 |
830902s1983 dcua b 00010 eng |
| 010 |
|
|
|a 83018425
|
| 020 |
|
|
|a 0896290425 (pbk.)
|
| 035 |
|
|
|a (OCoLC)09944661
|
| 035 |
|
|
|9 ABS2974AM
|
| 039 |
0 |
|
|a 2
|b 3
|c 3
|d 3
|e 3
|
| 040 |
|
|
|a DLC
|c DLC
|d TXA
|d UtOrBLW
|
| 043 |
|
|
|a a-my---
|a f-nr---
|
| 049 |
|
|
|a TXAM
|c [A08637793]
|
| 050 |
0 |
0 |
|a HD7053.6.Z8
|b K834 1983
|
| 082 |
0 |
|
|a 339.4/7/095951
|2 19
|
| 100 |
1 |
|
|a Hazell, P. B. R.
|
| 245 |
1 |
0 |
|a Rural growth linkages :
|b household expenditure patterns in Malaysia and Nigeria /
|c Peter B.R. Hazell, Ailsa Roell.
|
| 264 |
|
1 |
|a Washington, D.C. :
|b International Food Policy Research Institute,
|c [1983]
|
| 264 |
|
4 |
|c ©1983
|
| 300 |
|
|
|a 64 pages :
|b illustrations ;
|c 25 cm.
|
| 336 |
|
|
|a text
|b txt
|2 rdacontent
|
| 337 |
|
|
|a unmediated
|b n
|2 rdamedia
|
| 338 |
|
|
|a volume
|b nc
|2 rdacarrier
|
| 490 |
1 |
|
|a Research report / International Food Policy Research Institute ;
|v 41
|
| 500 |
|
|
|a "September 1983."
|
| 504 |
|
|
|a Bibliography: pages 63-64.
|
| 650 |
|
0 |
|a Cost and standard of living
|z Malaysia
|z Kuala Muda
|x Case studies.
|
| 650 |
|
0 |
|a Cost and standard of living
|z Nigeria
|z Gusau
|x Case studies.
|
| 650 |
|
0 |
|a Consumption (Economics)
|z Malaysia
|z Kuala Muda
|x Case studies.
|
| 650 |
|
0 |
|a Consumption (Economics)
|z Nigeria
|z Gusau
|x Case studies.
|
| 650 |
|
0 |
|a Farm income
|z Malaysia
|z Kuala Muda
|x Case studies.
|
| 650 |
|
0 |
|a Farm income
|z Nigeria
|z Gusau
|x Case studies.
|
| 700 |
1 |
|
|a Röell, Ailsa,
|d 1955-
|
| 830 |
|
0 |
|a Research report (International Food Policy Research Institute) ;
|v 41.
|
| 999 |
|
|
|a MARS
|
| 999 |
f |
f |
|s 5acfd3cf-65ad-3b6f-ab2f-6926eeaa1c41
|i 05168cdc-a003-3829-b04f-09b9e7787d72
|t 0
|
| 952 |
f |
f |
|p ric
|a Texas A&M University
|b Rellis Campus
|c Joint Library Facility
|d Remote Storage
|t 0
|e HD7053.6.Z8 K834 1983
|h Library of Congress classification
|i unmediated -- volume
|m A14808637793
|
| 998 |
f |
f |
|a HD7053.6.Z8 K834 1983
|t 0
|l Remote Storage
|